La escultura europea del siglo XVIII

Salvato in:
Dettagli Bibliografici
Autore principale: Thirion, Jacques (Autore)
Natura: Libro
Lingua:spagnolo
Pubblicazione: Buenos Aires Viscontea 1980
Edizione:1a. ed
Serie:Los Grandes Escultores, 44
Soggetti:
Tags: Aggiungi Tag
Nessun Tag, puoi essere il primo ad aggiungerne!!

MARC

LEADER 00000cam a2200000 a 4500
001 UCE0998
003 CL-VaPUC
008 140324e19800000ag |||||||||||||||||spa|d
082 0 4 |a 735.21  |b THI  |2 21 
100 0 |a Thirion, Jacques  |e author  |9 573377 
245 1 3 |a La escultura europea del siglo XVIII 
250 |a 1a. ed 
300 |a pág. irreg 
942 |c BK 
945 |d 20140324 12:18:00  |a cmena 
260 |a Buenos Aires  |b Viscontea  |c 1980 
650 0 |a Escultura  |9 265737 
650 0 |a Historia del arte  |9 314877 
650 0 |a Estilos artísticos  |9 340996 
651 0 |a Europa  |9 255156 
583 |a last modification  |c 20140324 12:18:00  |k Rodrigo Vera 
490 0 |a Los Grandes Escultores, 44 
999 |c 354961  |d 354959 
952 |0 0  |1 0  |3 erb  |4 0  |6 735_210000000000000_THI_1980  |7 0  |8 A  |9 461197  |a BIBART  |b BIBART  |i 5044294  |o 735.21 THI 1980  |p 5044294  |r 2025-03-13  |w 2019-11-23  |y BK  |z Catalogado en:20140324  |k ART